| 000 | 01017nas a2200325 4500 | ||
|---|---|---|---|
| 001 | BR0200131 | ||
| 003 | BR-BrBNA | ||
| 005 | 20231205102633.0 | ||
| 007 | ta | ||
| 008 | 230509b bl.|||p| |||| 00| 00por d | ||
| 040 |
_aBR-BrBNA _bpor _cBiblioteca Nacional de Agricultura |
||
| 041 | _a(Pt) | ||
| 072 | _aL53 | ||
| 100 | 1 | _aGalvani, F. | |
| 100 | 1 | _aCosta, E.P. | |
| 100 | 1 | _aTorres, C.A.A. | |
| 100 | 1 | _aBruschi, J.H. | |
| 100 | 1 | _aSantos, M.D. | |
| 100 | 1 | _aPinheiro, R.W. | |
| 245 | 1 | _aPerímetro escrotal, características físicas do sêmen e morfológicas dos espermatozóides de touros Nelore de alta libido comparados com animais de libido inferior | |
| 650 | _aGADO NELORE | ||
| 650 | _aTOURO | ||
| 650 | _aSEMEN | ||
| 650 | _aMORFOLOGIA ANIMAL | ||
| 650 | _aESPERMATOZÓIDE | ||
| 650 | _aEFICIÊNCIA REPRODUTIVA | ||
| 773 | 0 |
_tARS Veterinária (Brazil) _xISSN 0102-6380 _g(Aug 2000), v. 16(2) p. 98-103 _wBR0200131 |
|
| 909 |
_a202311 _bLúcia _c55 _dLúcia Elande |
||
| 942 |
_2AGRIS _n0 _cANA |
||
| 999 |
_c168571 _d168571 |
||